000 00424nam a22001817a 4500
003 koha_MIRAKIL
005 20231213095734.0
008 231213b |||||||| |||| 00| 0 ||| d
020 _b978-9-94469207-6
040 _aTR-IsEVY
_btur
_cTR-IsEVY
082 _aFIC AKS/Y
100 _aAksoy, Seza Kutlar.
245 0 _aNoktacık
260 _bTudem,
_c2008
300 _a34
650 _aGenel Konular.
942 _2ddc
_cBK
999 _c8636
_d8636